<?xml version="1.0" encoding="UTF-8"?><?xml-stylesheet type="text/xsl" href="static/style.xsl"?><OAI-PMH xmlns="http://www.openarchives.org/OAI/2.0/" xmlns:xsi="http://www.w3.org/2001/XMLSchema-instance" xsi:schemaLocation="http://www.openarchives.org/OAI/2.0/ http://www.openarchives.org/OAI/2.0/OAI-PMH.xsd"><responseDate>2026-04-17T03:52:34Z</responseDate><request verb="GetRecord" identifier="oai:www.recercat.cat:2072/467122" metadataPrefix="marc">https://recercat.cat/oai/request</request><GetRecord><record><header><identifier>oai:recercat.cat:2072/467122</identifier><datestamp>2025-10-27T10:36:58Z</datestamp><setSpec>com_2072_98</setSpec><setSpec>col_2072_378192</setSpec></header><metadata><record xmlns="http://www.loc.gov/MARC21/slim" xmlns:dcterms="http://purl.org/dc/terms/" xmlns:xsi="http://www.w3.org/2001/XMLSchema-instance" xmlns:doc="http://www.lyncode.com/xoai" xsi:schemaLocation="http://www.loc.gov/MARC21/slim http://www.loc.gov/standards/marcxml/schema/MARC21slim.xsd">
   <leader>00925njm 22002777a 4500</leader>
   <datafield ind2=" " ind1=" " tag="042">
      <subfield code="a">dc</subfield>
   </datafield>
   <datafield ind2=" " ind1=" " tag="720">
      <subfield code="a">Santos, Alaitz</subfield>
      <subfield code="e">author</subfield>
   </datafield>
   <datafield ind2=" " ind1=" " tag="260">
      <subfield code="c">2023</subfield>
   </datafield>
   <datafield ind2=" " ind1=" " tag="520">
      <subfield code="a">Este artículo presenta un estudio sobre las percepciones que los habitantes de la Comunidad Autónoma Vasca (CAV) tienen hacia el inglés. El artículo tiene como objetivo analizar la ansiedad comunicativa de la población joven de la CAV hacia la L3, inglés. Además, se analizan algunas de las variables relacionadas con la ansiedad comunicativa. El estudio incluye 27 participantes. Para la recolección de datos se utilizaron principalmente instrumentos de corte cualitativos. Los resultados indican que los participantes experimentan ansiedad comunicativa hacia el inglés, en su mayoría causada por 5 factores.</subfield>
   </datafield>
   <datafield ind2=" " ind1=" " tag="520">
      <subfield code="a">Aquest article presenta un estudi sobre les percepcions que tenen els habitants de la Comunitat Autònoma Basca (CAV) cap a l'anglès. L'objectiu de l'article és analitzar l'ansietat comunicativa de la població jove del CAV envers la L3, anglès. A més, s'analitzen algunes de les variables relacionades amb l'ansietat comunicativa. L'estudi inclou 27 participants. Les eines de tall qualitatives es van utilitzar principalment per a la recollida de dades. Els resultats indiquen que els participants experimenten ansietat comunicativa cap a l'anglès, principalment causada per 5 factors.</subfield>
   </datafield>
   <datafield ind2=" " ind1=" " tag="520">
      <subfield code="a">This article reports a study on the perceptions that the inhabitants of the Basque Autonomous Community (CAV) have towards English. The article aims to analyze the communicative anxiety of young adult population of the CAV towards L3, English. In addition, some of the variables related to communicative anxiety are analyzed. The study includes 27 participants. Mainly qualitative cutting instruments were used for data collection. The results indicate that participants experience communicative anxiety towards English, mostly caused by 5 factors.</subfield>
   </datafield>
   <datafield ind2=" " ind1=" " tag="520">
      <subfield code="a">Cet article présente une étude sur les perceptions que les habitants de la Communauté autonome basque (CAV) ont vis-à-vis de l'anglais. L'article vise à analyser l'anxiété communicative de la population jeune du BAC envers la L3, l'anglais. De plus, certaines des variables liées à l'anxiété communicative sont analysées. L'étude comprend 27 participants. Pour la collecte de données, des instruments de coupe principalement qualitatifs ont été utilisés. Les résultats indiquent que les participants éprouvent une anxiété communicative envers l'anglais, principalement causée par 5 facteurs.</subfield>
   </datafield>
   <datafield tag="653" ind2=" " ind1=" ">
      <subfield code="a">Ansiedad</subfield>
   </datafield>
   <datafield tag="653" ind2=" " ind1=" ">
      <subfield code="a">Comunicación</subfield>
   </datafield>
   <datafield tag="653" ind2=" " ind1=" ">
      <subfield code="a">Tercer idioma</subfield>
   </datafield>
   <datafield tag="653" ind2=" " ind1=" ">
      <subfield code="a">Inglés</subfield>
   </datafield>
   <datafield tag="653" ind2=" " ind1=" ">
      <subfield code="a">Percepción</subfield>
   </datafield>
   <datafield tag="653" ind2=" " ind1=" ">
      <subfield code="a">Ansietat</subfield>
   </datafield>
   <datafield tag="653" ind2=" " ind1=" ">
      <subfield code="a">Comunicació</subfield>
   </datafield>
   <datafield tag="653" ind2=" " ind1=" ">
      <subfield code="a">Tercera llengua</subfield>
   </datafield>
   <datafield tag="653" ind2=" " ind1=" ">
      <subfield code="a">Anglès</subfield>
   </datafield>
   <datafield tag="653" ind2=" " ind1=" ">
      <subfield code="a">Percepció</subfield>
   </datafield>
   <datafield tag="653" ind2=" " ind1=" ">
      <subfield code="a">Anxiety</subfield>
   </datafield>
   <datafield tag="653" ind2=" " ind1=" ">
      <subfield code="a">Communication</subfield>
   </datafield>
   <datafield tag="653" ind2=" " ind1=" ">
      <subfield code="a">Third language</subfield>
   </datafield>
   <datafield tag="653" ind2=" " ind1=" ">
      <subfield code="a">English</subfield>
   </datafield>
   <datafield tag="653" ind2=" " ind1=" ">
      <subfield code="a">Perception</subfield>
   </datafield>
   <datafield tag="653" ind2=" " ind1=" ">
      <subfield code="a">Anxiété</subfield>
   </datafield>
   <datafield tag="653" ind2=" " ind1=" ">
      <subfield code="a">Troisième langue</subfield>
   </datafield>
   <datafield tag="653" ind2=" " ind1=" ">
      <subfield code="a">Anglais</subfield>
   </datafield>
   <datafield ind2="0" ind1="0" tag="245">
      <subfield code="a">Percepciones sobre la ansiedad comunicativa hacia el inglés en la Comunidad Autónoma Vasca</subfield>
   </datafield>
</record></metadata></record></GetRecord></OAI-PMH>